Clothes company logos - Statistics

General Stats
  • This quiz has been taken 3,540 times
  • The average score is 6 of 7
Answer Stats
Picture Answer % Correct
Adidas
100%
Nike
100%
Rolex
98%
Gucci
96%
Chanel
88%
Under Armour
82%
Lacoste
76%
No matching quizzes found
Score Distribution
Percent of People with Each Score
Percentile by Number Answered
Your Score History
You have not taken this quiz